[Event "BIH-chT 21st"]
[Site "Sarajevo"]
[Date "2023.11.05"]
[Round "6.6"]
[White "Lazic, Emanuel"]
[Black "Corovic, Sean"]
[Result "1-0"]
[WhiteElo "2277"]
[BlackElo "2168"]
[PlyCount "95"]
[EventDate "2023.10.31"]
[EventType "team-tourn"]
[EventRounds "9"]
[EventCountry "BIH"]
[SourceTitle "Mega2024 Update 01"]
[Source "Chessbase"]
[SourceDate "2023.11.12"]
[SourceVersion "1"]
[SourceVersionDate "2023.11.12"]
[SourceQuality "1"]
[WhiteTeam "Busovaca Hrasno"]
[BlackTeam "Konjic Igman"]
[WhiteTeamCountry "BIH"]
[BlackTeamCountry "BIH"]

1. e4 d5 2. exd5 Qxd5 3. Nc3 Qd8 4. d4 c6 5. Bc4 Nf6 6. Nf3 Bf5 7. Ne5 e6 8. g4 Bg6 9. h4 Bb4 10. f3 Nd5 11. Bd2 f6 12. Nxg6 hxg6 13. Bd3 f5 14. Qe2 Qe7 15. Nxd5 cxd5 16. c3 Bd6 17. 0-0-0 Kd7 18. Rde1 Nc6 19. gxf5 gxf5 20. Bxf5 exf5 21. Qb5 Qd8 22. Rhg1 Rg8 23. Qxb7+ Qc7 24. Qb5 Qa5 25. Qb7+ Bc7 26. Rxg7+ Rxg7 27. Qxa8 Re7 28. Rxe7+ Nxe7 29. Qb7 Qb6 30. Qxb6 axb6 31. Kc2 f4 32. Kd3 Ke6 33. b3 Nf5 34. h5 Nh4 35. Ke2 b5 36. Be1 Bd8 37. Bxh4 Bxh4 38. Kd3 Bd8 39. c4 b4 40. h6 Kf6 41. cxd5 Kg6 42. d6 Kxh6 43. Kc4 Kg6 44. Kxb4 Kf6 45. Kc5 Ke6 46. Kc6 Ba5 47. a3 Bc3 48. d5+ 1-0

[Event "Konjic op 12th"]
[Site "Konjic"]
[Date "2023.03.04"]
[Round "7"]
[White "Kosta, Kelvin"]
[Black "Corovic, Sean"]
[Result "1-0"]
[WhiteElo "1950"]
[BlackElo "2198"]
[PlyCount "115"]
[EventDate "2023.03.01"]
[EventType "swiss"]
[EventRounds "7"]
[EventCountry "BIH"]
[SourceTitle "CBM 213 Extra"]
[Source "ChessBase"]
[SourceDate "2023.05.31"]
[SourceVersion "1"]
[SourceVersionDate "2023.05.31"]
[SourceQuality "1"]

1. e4 e5 2. Nf3 Nf6 3. Nxe5 d6 4. Nf3 Nxe4 5. d4 d5 6. Bd3 Bd6 7. c4 c6 8. Nc3 Nxc3 9. bxc3 dxc4 10. Bxc4 0-0 11. 0-0 Bf5 12. Be3 Nd7 13. Qd2 Bg6 14. Bf4 Nf6 15. Bxd6 Qxd6 16. Rfe1 Rfe8 17. Bd3 Bxd3 18. Qxd3 h6 19. h3 Nd5 20. c4 Nf4 21. Qd2 Rad8 22. Rab1 b6 23. Re3 Nxh3+ 24. Kf1 Nf4 25. Rbe1 Rxe3 26. fxe3 Nh5 27. e4 Qf4 28. Qxf4 Nxf4 29. Re3 g5 30. g4 f6 31. Ra3 Rd7 32. Kf2 Kg7 33. Ke3 Kg6 34. Rb3 Ne6 35. Rb1 Rh7 36. e5 f5 37. gxf5+ Kxf5 38. Rf1 Nf4 39. Nh4+ Kg4 40. Nf3 Kg3 41. Rg1+ Ng2+ 42. Ke2 Rd7 43. Ne1 Rxd4 44. Rxg2+ Kh3 45. Ke3 Rd8 46. Ke4 g4 47. Rg1 Rh8 48. Nd3 h5 49. Nf4+ Kh2 50. Rg2+ Kh1 51. e6 b5 52. cxb5 cxb5 53. Ke5 b4 54. e7 a5 55. Kd6 a4 56. Rb2 b3 57. Nxh5 Rb8 58. axb3 1-0

[Event "Sarajevo Bosna op 51st"]
[Site "Sarajevo"]
[Date "2022.12.06"]
[Round "7"]
[White "Jakovljevic, Vlado"]
[Black "Corovic, Sean"]
[Result "1/2-1/2"]
[WhiteElo "2371"]
[BlackElo "2172"]
[PlyCount "180"]
[EventDate "2022.12.02"]
[EventType "swiss"]
[EventRounds "7"]
[EventCountry "BIH"]
[SourceTitle "CBM 211 Extra"]
[Source "ChessBase"]
[SourceDate "2023.01.31"]
[SourceVersion "1"]
[SourceVersionDate "2023.01.31"]
[SourceQuality "1"]

1. Nf3 Nf6 2. c4 e6 3. Nc3 d5 4. d4 Be7 5. Bg5 0-0 6. e3 b6 7. Be2 Bb7 8. Bxf6 Bxf6 9. cxd5 exd5 10. b4 c5 11. bxc5 bxc5 12. Rb1 Bc8 13. 0-0 Be6 14. Rc1 Nd7 15. dxc5 Nxc5 16. Nd4 Ne4 17. Nxe4 Bxd4 18. Qxd4 dxe4 19. Qxe4 Bxa2 20. Bf3 Rc8 21. Qa4 Rxc1 22. Rxc1 Be6 23. Qxa7 g6 24. Rd1 Qf6 25. Qd4 Kg7 26. h4 h6 27. Kh2 Rc8 28. g4 Rc4 29. Qxf6+ Kxf6 30. Kg3 g5 31. h5 Rb4 32. Rd2 Ra4 33. Bd1 Ra3 34. Rd4 Rc3 35. Bf3 Rc4 36. Rd6 Rb4 37. Ra6 Kg7 38. Be2 Rb3 39. Ra4 Rc3 40. Rb4 Kf6 41. Rd4 Ra3 42. Bc4 Bxc4 43. Rxc4 Rb3 44. Kf3 Rb2 45. Re4 Ra2 46. Kg3 Ra1 47. f4 Rg1+ 48. Kf3 gxf4 49. Kxf4 Rf1+ 50. Kg3 Rg1+ 51. Kf2 Ra1 52. Rf4+ Kg7 53. Rf5 Ra4 54. Kf3 Ra1 55. Rb5 Rf1+ 56. Ke4 Rg1 57. Kf5 Rf1+ 58. Ke5 Re1 59. Rb3 Rg1 60. Rb4 Re1 61. Re4 Ra1 62. Kf5 Ra5+ 63. Re5 Ra1 64. Ke4 Rg1 65. Kf3 Rf1+ 66. Kg2 Ra1 67. Rf5 Re1 68. Kf2 Ra1 69. g5 hxg5 70. Rxg5+ Kh6 71. Rf5 Kg7 72. Kf3 Rf1+ 73. Ke4 Ra1 74. Rd5 Rh1 75. Rf5 Ra1 76. Kf4 Rf1+ 77. Ke5 Ra1 78. h6+ Kxh6 79. Rxf7 Kg6 80. Rf8 Ra5+ 81. Ke4 Ra4+ 82. Kd5 Ra5+ 83. Kc4 Ra4+ 84. Kc3 Ra3+ 85. Kd4 Ra4+ 86. Kd3 Ra3+ 87. Ke2 Ra2+ 88. Kf3 Ra1 89. Rf4 Rf1+ 90. Ke4 Rxf4+ 1/2-1/2

[Event "Sarajevo Bosna op-B 44th"]
[Site "Sarajevo"]
[Date "2014.06.03"]
[Round "6"]
[White "Haskovic, Salih"]
[Black "Corovic, Sean"]
[Result "1/2-1/2"]
[WhiteElo "1959"]
[BlackElo "2110"]
[PlyCount "175"]
[EventDate "2014.05.30"]
[EventType "swiss"]
[EventRounds "9"]
[EventCountry "BIH"]
[SourceTitle "CBM 160 Extra"]
[Source "ChessBase"]
[SourceDate "2014.07.01"]
[SourceVersion "1"]
[SourceVersionDate "2014.07.01"]
[SourceQuality "1"]

1. e4 e5 2. Nf3 Nf6 3. Nc3 Bb4 4. Nd5 Nxd5 5. exd5 d6 6. a4 a5 7. c3 Bc5 8. Bb5+ Bd7 9. Qe2 0-0 10. Bxd7 Nxd7 11. 0-0 h6 12. d3 Nf6 13. c4 Nh7 14. Be3 b6 15. d4 exd4 16. Bxd4 Re8 17. Qd3 Bxd4 18. Nxd4 Nf6 19. f3 Nd7 20. Nb5 Nc5 21. Qc2 Qd7 22. Rfe1 Re7 23. Kf2 Rae8 24. b3 g6 25. Nd4 Rxe1 26. Rxe1 Rxe1 27. Kxe1 Qe7+ 28. Kf1 Qe3 29. Qf2 Qd3+ 30. Ne2 Qd1+ 31. Qe1 Qxe1+ 32. Kxe1 Nxb3 33. Nc3 Nc5 34. Ke2 Kf8 35. Ke3 Ke7 36. Kd4 Kd7 37. Ke3 Ke7 38. Kd4 Nd7 39. Nb5 Kd8 40. Nc3 f5 41. Ke3 Nc5 42. Kd4 Ke7 43. Ke3 g5 44. g3 Kf6 45. f4 g4 46. Kd4 Ke7 47. Ke3 h5 48. Kd4 Nd7 49. Ke3 Nf8 50. Ne2 Nd7 51. Nc3 Nc5 52. Kd4 Kf6 53. Ke3 Kg6 54. Kd4 h4 55. Ke3 hxg3 56. hxg3 Kf6 57. Kd4 Ke7 58. Ke3 Kd8 59. Kd4 Nd7 60. Nd1 Ke7 61. Nc3 Nf6 62. Ke3 Kd7 63. Kf2 c6 64. Ke3 cxd5 65. cxd5 b5 66. axb5 Kc7 67. Kd4 Nh5 68. Ne2 Kb7 69. Kc3 Nf6 70. Kd4 Ne4 71. Kd3 Kb6 72. Kc4 Kb7 73. Kd3 Kb6 74. Kc4 a4 75. Kb4 a3 76. Kxa3 Kxb5 77. Nd4+ Kc5 78. Nxf5 Nf6 79. Kb3 Kxd5 80. Kc3 Kc5 81. Kd3 d5 82. Ne3 Kd6 83. Kd4 Ke6 84. Kd3 Kd6 85. Kd4 Ke6 86. Kd3 Ne4 87. Nxg4 Nxg3 88. Ne3 1/2-1/2

[Event "Sarajevo Bosna op-B 44th"]
[Site "Sarajevo"]
[Date "2014.06.01"]
[Round "4"]
[White "Stojkovska, Monika"]
[Black "Corovic, Sean"]
[Result "1-0"]
[WhiteElo "2001"]
[BlackElo "2110"]
[PlyCount "85"]
[EventDate "2014.05.30"]
[EventType "swiss"]
[EventRounds "9"]
[EventCountry "BIH"]
[SourceTitle "CBM 160 Extra"]
[Source "ChessBase"]
[SourceDate "2014.07.01"]
[SourceVersion "1"]
[SourceVersionDate "2014.07.01"]
[SourceQuality "1"]

1. e4 e5 2. Nf3 Nf6 3. d4 Nxe4 4. Bd3 d5 5. dxe5 Nc5 6. Be2 Bg4 7. 0-0 Be7 8. Nd4 Bxe2 9. Qxe2 Qd7 10. Nc3 Nc6 11. Nxc6 Qxc6 12. Rd1 0-0-0 13. Nb5 Kb8 14. Nd4 Qd7 15. Be3 Ne6 16. c3 g6 17. b4 Rhe8 18. f4 h5 19. Qf2 b6 20. a4 Nxd4 21. Bxd4 Kb7 22. a5 Qb5 23. Qa2 Ra8 24. Be3 Red8 25. Qc2 Qc6 26. Qd3 b5 27. a6+ Kc8 28. Ra5 Rb8 29. f5 Rb6 30. Bxb6 Qxb6+ 31. Kh1 c6 32. fxg6 fxg6 33. Qxg6 h4 34. Qe6+ Rd7 35. Rf1 Kc7 36. Raa1 Qe3 37. Rae1 Qd2 38. Rd1 Qe2 39. Qf5 Rd8 40. Qf7 Kd7 41. Rde1 Qd2 42. e6+ Kd6 43. Qg7 1-0

[Event "Sarajevo Bosna op 41st"]
[Site "Sarajevo"]
[Date "2011.05.12"]
[Round "9"]
[White "Corovic, Sean"]
[Black "Alihodzic, Muzafer"]
[Result "1-0"]
[WhiteElo "2116"]
[BlackElo "2109"]
[PlyCount "120"]
[EventDate "2011.05.03"]
[EventType "swiss"]
[EventRounds "9"]
[EventCountry "BIH"]
[SourceTitle "CBM 142 Extra"]
[Source "ChessBase"]
[SourceDate "2011.06.27"]
[SourceVersion "1"]
[SourceVersionDate "2011.06.27"]
[SourceQuality "1"]

1. d4 c6 2. c4 d5 3. Nf3 e6 4. e3 Nf6 5. Nc3 Bd6 6. Bd3 Nbd7 7. 0-0 0-0 8. h3 a6 9. Qe2 c5 10. cxd5 exd5 11. dxc5 Nxc5 12. Bc2 b5 13. Rd1 Bb7 14. b3 Re8 15. Bb2 Qe7 16. Rac1 Rad8 17. Nb1 Nce4 18. Nbd2 Bc5 19. Bb1 Nxf2 20. Bxf6 gxf6 21. Kxf2 Bxe3+ 22. Kf1 d4 23. Qd3 Qd6 24. Qxh7+ Kf8 25. Re1 Qg3 26. Qh8+ Ke7 27. Qh4 Qg7 28. Rc7+ Rd7 29. Rxd7+ Kxd7 30. Qg4+ Qxg4 31. hxg4 Bd5 32. Rd1 Kd6 33. Bf5 Kc5 34. a3 a5 35. Rc1+ Kb6 36. Rc8 Re7 37. Bd3 Bf4 38. a4 bxa4 39. bxa4 Bc6 40. Nc4+ Kb7 41. Rd8 Bc7 42. Rxd4 Rd7 43. Bc2 Re7 44. Nd6+ Kb8 45. Nf5 Re8 46. Bd3 Kb7 47. Rc4 Bd5 48. Rc2 Rh8 49. Rb2+ Ka7 50. N5d4 Bb6 51. Nb5+ Kb7 52. Be4 Bxe4 53. Nd6+ Kc6 54. Nxe4 Bd8 55. Ke2 Rg8 56. Nd4+ Kc7 57. Kf3 Be7 58. Rb5 Rd8 59. Ke3 Bb4 60. Nc2 Be1 1-0

[Event "Sarajevo Bosna op 41st"]
[Site "Sarajevo"]
[Date "2011.05.06"]
[Round "4"]
[White "Hadziselimovic, Bernardina"]
[Black "Corovic, Sean"]
[Result "0-1"]
[WhiteElo "1822"]
[BlackElo "2116"]
[PlyCount "136"]
[EventDate "2011.05.03"]
[EventType "swiss"]
[EventRounds "9"]
[EventCountry "BIH"]
[SourceTitle "CBM 142 Extra"]
[Source "ChessBase"]
[SourceDate "2011.06.27"]
[SourceVersion "1"]
[SourceVersionDate "2011.06.27"]
[SourceQuality "1"]

1. e4 e5 2. Nf3 Nf6 3. d4 Nxe4 4. Bd3 d5 5. dxe5 Nc5 6. Nc3 c6 7. Bf4 Bg4 8. Qd2 Ne6 9. Bg3 Bb4 10. a3 Qa5 11. 0-0 Bxc3 12. Qxc3 Qxc3 13. bxc3 Bxf3 14. gxf3 g5 15. c4 Nd7 16. cxd5 cxd5 17. Rab1 Ndc5 18. Bb5+ Ke7 19. Rfd1 Rhd8 20. Bd3 h6 21. a4 b6 22. a5 bxa5 23. Rb5 a4 24. Bf5 d4 25. Bxe6 Nxe6 26. Ra5 Rd7 27. Rxa4 Rc8 28. Rd2 Rc5 29. Kg2 Rcd5 30. Ra6 Kf8 31. Kf1 Kg7 32. h4 gxh4 33. Bh2 h3 34. f4 Nc5 35. Ra3 Ne4 36. Rdd3 Rc5 37. Ra2 Rc3 38. f5 Rxd3 39. cxd3 Nc3 40. Ra1 Rb7 41. f4 Rb2 42. Kg1 Rg2+ 43. Kh1 Rd2 44. Rg1+ Kf8 45. f6 a5 46. f5 Rd1 47. e6 Rxg1+ 48. Kxg1 a4 49. Bd6+ Ke8 50. Kh2 Nb5 51. Bf4 a3 52. Bc1 a2 53. Bb2 Na3 54. Bxd4 Nc2 55. Be5 a1Q 56. Bxa1 Nxa1 57. d4 Nc2 58. d5 Ne3 59. d6 fxe6 60. fxe6 Ng4+ 61. Kxh3 Nxf6 62. Kh4 Kf8 63. Kh3 Ne4 64. d7 Ng5+ 65. Kg4 Nxe6 66. Kf5 Kf7 67. Ke5 Ke7 68. Kf5 Ng7+ 0-1

[Event "Sarajevo Bosna op 41st"]
[Site "Sarajevo"]
[Date "2011.05.03"]
[Round "1"]
[White "Corovic, Sean"]
[Black "Saric, Ibro"]
[Result "0-1"]
[WhiteElo "2116"]
[BlackElo "2549"]
[PlyCount "104"]
[EventDate "2011.05.03"]
[EventType "swiss"]
[EventRounds "9"]
[EventCountry "BIH"]
[SourceTitle "CBM 142 Extra"]
[Source "ChessBase"]
[SourceDate "2011.06.27"]
[SourceVersion "1"]
[SourceVersionDate "2011.06.27"]
[SourceQuality "1"]

1. d4 Nf6 2. Nf3 e6 3. c4 d5 4. Nc3 dxc4 5. e3 a6 6. a4 b6 7. Bxc4 Bb7 8. 0-0 Bb4 9. Qe2 0-0 10. Rd1 Qe7 11. Bd3 c5 12. Ne5 Nbd7 13. Nxd7 Nxd7 14. Be4 Nf6 15. Bxb7 Qxb7 16. Na2 Rfc8 17. b3 Nd5 18. Bb2 a5 19. Rac1 cxd4 20. Nxb4 axb4 21. Bxd4 Nc3 22. Bxc3 Rxc3 23. Rxc3 bxc3 24. Qc4 Qc8 25. Qxc8+ Rxc8 26. Rc1 f5 27. Kf1 e5 28. Ke2 e4 29. Rc2 Kf7 30. Kd1 Ke6 31. Ra2 Rd8+ 32. Kc2 Rd2+ 33. Kb1 Rd3 34. a5 Rd1+ 35. Kc2 Rd2+ 36. Kb1 Rxa2 37. Kxa2 bxa5 38. Kb1 Kd5 39. Kc2 Kc5 40. Kxc3 Kb5 41. h4 g6 42. g3 Kc5 43. Kc2 Kb4 44. Kb2 h6 45. h5 gxh5 46. Ka2 Kc3 47. Ka3 Kc2 48. Ka2 Kd2 49. Ka3 Ke2 50. Ka4 Kxf2 51. Kxa5 Kxe3 52. b4 Kf2 0-1

[Event "BIH-chT1"]
[Site "Tuzla"]
[Date "2010.07.24"]
[Round "9"]
[White "Corovic, Sean"]
[Black "Terzic, Ilijas"]
[Result "1/2-1/2"]
[WhiteElo "2108"]
[BlackElo "2225"]
[PlyCount "38"]
[EventDate "2010.07.18"]
[EventType "team-swiss"]
[EventRounds "9"]
[EventCountry "BIH"]
[SourceTitle "CBM 137 Extra"]
[Source "ChessBase"]
[SourceDate "2010.09.01"]
[SourceVersion "1"]
[SourceVersionDate "2010.09.01"]
[SourceQuality "1"]

1. d4 Nf6 2. c4 e6 3. Nc3 Bb4 4. Qb3 c5 5. Nf3 Nc6 6. e3 d5 7. cxd5 exd5 8. dxc5 0-0 9. Be2 Be6 10. Nd4 Bxc5 11. Nxc6 bxc6 12. Qa4 Qd6 13. 0-0 Rfb8 14. b3 a5 15. Rd1 Bb6 16. Qh4 Bc7 17. g3 Bf5 18. e4 Nxe4 19. Nxe4 Bxe4 1/2-1/2

[Event "BIH-chT1"]
[Site "Tuzla"]
[Date "2010.07.21"]
[Round "5"]
[White "Salihovic, Amar"]
[Black "Corovic, Sean"]
[Result "1-0"]
[WhiteElo "2100"]
[BlackElo "2108"]
[PlyCount "103"]
[EventDate "2010.07.18"]
[EventType "team-swiss"]
[EventRounds "9"]
[EventCountry "BIH"]
[SourceTitle "CBM 137 Extra"]
[Source "ChessBase"]
[SourceDate "2010.09.01"]
[SourceVersion "1"]
[SourceVersionDate "2010.09.01"]
[SourceQuality "1"]

1. e4 d5 2. exd5 Qxd5 3. Nc3 Qd8 4. d4 Nf6 5. Bg5 e6 6. g3 c6 7. Bg2 h6 8. Bxf6 Qxf6 9. Nf3 Bd6 10. Ne4 Qe7 11. Nxd6+ Qxd6 12. 0-0 Nd7 13. Qe2 0-0 14. Rfe1 Qc7 15. Ne5 Nf6 16. Rad1 Bd7 17. h4 h5 18. Bf3 g6 19. Qe3 Kg7 20. c4 Rad8 21. Qf4 Rc8 22. Re3 Ne8 23. Qg5 Qd8 24. Nxd7 Qxd7 25. Bxh5 Qd8 26. Qxd8 Rxd8 27. Bf3 Nd6 28. b3 Nf5 29. Red3 Rd6 30. Be4 Ne7 31. f4 Rfd8 32. Kf2 a5 33. Ke3 R6d7 34. R1d2 Nf5+ 35. Bxf5 exf5 36. d5 c5 37. Re2 Kf6 38. Kd2 Re7 39. Rde3 Rxe3 40. Rxe3 b6 41. Kc3 Rc8 42. Kb2 a4 43. bxa4 Ra8 44. Kb3 Rb8 45. Re5 Rd8 46. a5 bxa5 47. Ka4 Rb8 48. a3 Rb1 49. Kxa5 Rb3 50. d6 Rd3 51. Rd5 Rd4 52. d7 1-0

[Event "BIH-chT1"]
[Site "Tuzla"]
[Date "2010.07.19"]
[Round "2"]
[White "Corovic, Sean"]
[Black "Memic, Hazim"]
[Result "1/2-1/2"]
[WhiteElo "2108"]
[BlackElo "2132"]
[PlyCount "110"]
[EventDate "2010.07.18"]
[EventType "team-swiss"]
[EventRounds "9"]
[EventCountry "BIH"]
[SourceTitle "CBM 137 Extra"]
[Source "ChessBase"]
[SourceDate "2010.09.01"]
[SourceVersion "1"]
[SourceVersionDate "2010.09.01"]
[SourceQuality "1"]

1. d4 Nf6 2. c4 d6 3. Nf3 g6 4. g3 Bg7 5. Bg2 0-0 6. 0-0 c5 7. Nc3 Nbd7 8. h3 Nb6 9. b3 cxd4 10. Nxd4 a6 11. Bb2 Qc7 12. Rc1 Bd7 13. e3 Rad8 14. Qe2 e5 15. Nc2 Be6 16. Rfd1 Rd7 17. Nb4 Rc8 18. Rd2 Bf8 19. Rcd1 Rcd8 20. Nbd5 Bxd5 21. Nxd5 Nbxd5 22. Bxd5 a5 23. Kh2 Qb6 24. Bg2 Qc7 25. Rd3 Ne8 26. Qd2 Bg7 27. Ba3 b6 28. Bd5 Bf8 29. Qe2 Nf6 30. Qf3 e4 31. Qxf6 Bg7 32. Bxd6 Qc8 33. Qxd8+ Rxd8 34. Bxe4 h5 35. h4 Qe6 36. Bd5 Qf5 37. Bf4 Kh7 38. Kg2 Rd7 39. e4 Qf6 40. Be3 Qd8 41. f4 Bf8 42. e5 Bc5 43. Bxc5 bxc5 44. Be4 Rd4 45. Kf3 Qb6 46. Bd5 Rxd3+ 47. Rxd3 Kg7 48. Re3 Qb4 49. e6 fxe6 50. Rxe6 Qc3+ 51. Kf2 Qd4+ 52. Kf3 Qd1+ 53. Kf2 Qd4+ 54. Kf3 Qd1+ 55. Kf2 Qd4+ 1/2-1/2

[Event "BIH-chT 5th"]
[Site "Banja Vrucica"]
[Date "2006.06.20"]
[Round "3"]
[White "Obarcanin, Nijaz"]
[Black "Corovic, Sean"]
[Result "1/2-1/2"]
[WhiteElo "2161"]
[BlackElo "2106"]
[PlyCount "66"]
[EventDate "2006.06.18"]
[EventType "team-tourn"]
[EventRounds "9"]
[EventCountry "BIH"]
[SourceTitle "EXT 2019"]
[Source "ChessBase"]
[SourceDate "2018.10.10"]
[SourceVersion "1"]
[SourceVersionDate "2018.10.10"]
[SourceQuality "1"]
[WhiteTeam "Gorazde"]
[BlackTeam "Prozor Rama"]
[WhiteTeamCountry "BIH"]
[BlackTeamCountry "BIH"]

1. d4 Nf6 2. c4 e6 3. Nf3 Bb4+ 4. Bd2 Qe7 5. a3 Bxd2+ 6. Nbxd2 d5 7. g3 Nbd7 8. Bg2 0-0 9. cxd5 exd5 10. 0-0 Re8 11. e3 c6 12. Rc1 Nb6 13. Ne5 Nfd7 14. Nd3 Nf8 15. b4 Bf5 16. Qb3 Ne6 17. Nc5 Rab8 18. a4 Rec8 19. Rc3 Ng5 20. h4 Ne4 21. Ndxe4 dxe4 22. Rfc1 Nd5 23. R3c2 h6 24. b5 a5 25. bxa6 bxa6 26. Qc4 a5 27. Qe2 Rb6 28. Rb2 Rcb8 29. Rxb6 Rxb6 30. Qc2 Nb4 31. Qb1 Nd5 32. Qc2 Nb4 33. Qb1 Nd5 1/2-1/2

[Event "BIH-chT"]
[Site "Neum"]
[Date "2004.05.30"]
[Round "2.6"]
[White "Corovic, Sean"]
[Black "Mihic, Bojan"]
[Result "0-1"]
[WhiteElo "2114"]
[BlackElo "2346"]
[PlyCount "124"]
[EventDate "2004.05.29"]
[EventType "team"]
[EventRounds "9"]
[EventCountry "BIH"]
[SourceTitle "CBM 102"]
[Source "ChessBase"]
[SourceDate "2004.09.23"]
[SourceVersion "1"]
[SourceVersionDate "2004.09.23"]
[SourceQuality "1"]
[WhiteTeam "Prozor Rama"]
[BlackTeam "S Saraj"]
[WhiteTeamCountry "BIH"]
[BlackTeamCountry "BIH"]

1. d4 Nf6 2. c4 d6 3. Nf3 Nbd7 4. Nc3 c6 5. e4 e5 6. Be2 Be7 7. 0-0 0-0 8. h3 Qc7 9. Be3 b6 10. Qc2 Bb7 11. Nh2 Rfe8 12. Rad1 a6 13. f4 exd4 14. Bxd4 b5 15. cxb5 cxb5 16. a3 Nxe4 17. Bd3 Nef6 18. Ng4 Rac8 19. Bf5 Nxg4 20. Bxh7+ Kf8 21. hxg4 Bf6 22. Bf5 Bxd4+ 23. Rxd4 Qb6 24. Qf2 Rc7 25. Rfd1 g6 26. Bc2 Nf6 27. g5 Nh5 28. g4 Ng7 29. Rxd6 Qxf2+ 30. Kxf2 Ne6 31. Kg3 Rc4 32. Rf1 Nxf4 33. Rxf4 Re3+ 34. Kf2 Rexc3 35. Rxc4 Rxc4 36. Bb3 Rf4+ 37. Ke2 Ke7 38. Rb6 Bc8 39. Ke3 Rxg4 40. Rf6 Rxg5 41. Rxf7+ Ke8 42. Rf3 Rg2 43. Kd3 Bf5+ 44. Kc3 Kd7 45. Bf7 Ke7 46. Bd5 Rc2+ 47. Kb3 Rd2 48. Bb7 a5 49. a4 b4 50. Ba6 Bc2+ 51. Kc4 Bxa4 52. b3 Bd7 53. Kc5 Rc2+ 54. Kb6 Rc3 55. Rf1 Rxb3 56. Kxa5 Ra3+ 57. Kb6 Bf5 58. Bc4 b3 59. Rf3 b2 60. Rxa3 b1Q+ 61. Rb3 Qg1+ 62. Kb5 Be6 0-1

[Event "BIH-chT"]
[Site "Neum"]
[Date "2004.05.29"]
[Round "1.6"]
[White "Predojevic, Borki"]
[Black "Corovic, Sean"]
[Result "1-0"]
[WhiteElo "2490"]
[BlackElo "2114"]
[PlyCount "67"]
[EventDate "2004.05.29"]
[EventType "team"]
[EventRounds "9"]
[EventCountry "BIH"]
[SourceTitle "CBM 102"]
[Source "ChessBase"]
[SourceDate "2004.09.23"]
[SourceVersion "1"]
[SourceVersionDate "2004.09.23"]
[SourceQuality "1"]
[WhiteTeam "Sarajevo Bosna"]
[BlackTeam "Prozor Rama"]
[WhiteTeamCountry "BIH"]
[BlackTeamCountry "BIH"]

1. e4 e6 2. d4 d5 3. e5 c5 4. c3 Nc6 5. Nf3 Qb6 6. a3 Bd7 7. b4 cxd4 8. cxd4 Rc8 9. Bb2 Nh6 10. Nc3 Nf5 11. Na4 Qd8 12. Bd3 g6 13. Nc5 Rc7 14. 0-0 h5 15. Rc1 Bh6 16. Rc2 0-0 17. h3 Qe7 18. Qa1 Rfc8 19. Bc1 Bxc1 20. Rfxc1 Be8 21. Bxf5 exf5 22. h4 Nd8 23. Qb2 Bb5 24. a4 Bc4 25. b5 Ne6 26. Nxe6 Qxe6 27. Ng5 Qe7 28. Re1 Bd3 29. Rxc7 Rxc7 30. Qd2 Bc4 31. Qf4 Rc8 32. e6 f6 33. Nf7 Qf8 34. Nd6 1-0

[Event "Kostrena"]
[Site "Kostrena"]
[Date "2002.09.03"]
[Round "6"]
[White "Topalovic, Zlatko"]
[Black "Corovic, Sean"]
[Result "1-0"]
[WhiteElo "2260"]
[BlackElo "2106"]
[PlyCount "23"]
[EventDate "2002.08.30"]
[EventType "tourn"]
[EventRounds "11"]
[EventCountry "CRO"]
[EventCategory "4"]
[SourceTitle "CBM 090 Extra"]
[Source "ChessBase"]
[SourceDate "2002.11.07"]
[SourceVersion "1"]
[SourceVersionDate "2002.11.07"]
[SourceQuality "1"]

1. d3 d5 2. Nd2 Nf6 3. c3 e5 4. Ngf3 e4 5. dxe4 dxe4 6. Ng5 e3 7. fxe3 Ng4 8. Qa4+ Bd7 9. Qe4+ Qe7 10. Qxb7 Bc6 11. Qc8+ Qd8 12. Qxg4 1-0

[Event "Kostrena"]
[Site "Kostrena"]
[Date "2002.08.30"]
[Round "1"]
[White "Mandekic, Ivan"]
[Black "Corovic, Sean"]
[Result "0-1"]
[WhiteElo "2258"]
[BlackElo "2106"]
[PlyCount "94"]
[EventDate "2002.08.30"]
[EventType "tourn"]
[EventRounds "11"]
[EventCountry "CRO"]
[EventCategory "4"]
[SourceTitle "CBM 090 Extra"]
[Source "ChessBase"]
[SourceDate "2002.11.07"]
[SourceVersion "1"]
[SourceVersionDate "2002.11.07"]
[SourceQuality "1"]

1. Nf3 Nf6 2. c4 e6 3. g3 b6 4. Bg2 Bb7 5. 0-0 Be7 6. Nc3 0-0 7. b3 d5 8. e3 c5 9. Bb2 Nc6 10. cxd5 exd5 11. d4 Rc8 12. Rc1 Re8 13. Bh3 Rb8 14. Bg2 Bf8 15. Rc2 Ba6 16. Re1 c4 17. bxc4 Bxc4 18. Rd2 b5 19. Ne5 Na5 20. e4 b4 21. Nxd5 Nxd5 22. exd5 Bxd5 23. Bxd5 Qxd5 24. Rde2 f6 25. Nd3 Rxe2 26. Qxe2 Qxa2 27. Ra1 Qd5 28. Nf4 Qb5 29. Qe6+ Kh8 30. Rc1 Qe8 31. Qf5 Nb7 32. d5 Nd6 33. Qg4 Rc8 34. Rxc8 Nxc8 35. Ne6 a5 36. h4 a4 37. h5 h6 38. Qf4 Bd6 39. Qg4 Qg8 40. Qc4 Ne7 41. Bd4 Qb8 42. Bc5 Bxc5 43. Qxc5 Nf5 44. g4 b3 45. Qc1 b2 46. Qb1 a3 47. d6 a2 0-1